书目信息 |
| 题名: |
神女
|
|
| 作者: | 路易斯, 著 ;胡志玲 译 | |
| 分册: | ||
| 出版信息: | 呼和浩特 远方出版社 2004 |
|
| 页数: | 194页 | |
| 开本: | 20cm | |
| 丛书名: | 世界金榜畅销译林 | |
| 单 册: | ||
| 中图分类: | I565.44 | |
| 科图分类: | ||
| 主题词: | 长篇小说--法国--现代 | |
| 电子资源: | ||
| ISBN: | 7-80595-693-6 | |
| 000 | 00781nam 2200253 450 | |
| 001 | 0129901649 | |
| 005 | 20081226171210.62 | |
| 010 | @a7-80595-693-6@dCNY22.50 | |
| 100 | @a20050215d2004 km y0chiy0120 ea | |
| 101 | 1 | @achi@cfre |
| 102 | @aCN@b150000 | |
| 105 | @ay z 000ay | |
| 200 | 1 | @a神女@Ashen nu@f(法)比尔·路易斯著@F(fa)bi er·lu yi si zhu@g胡志玲译@Ghu zhi ling yi |
| 210 | @a呼和浩特@c远方出版社@d2004 | |
| 215 | @a194页@d20cm | |
| 225 | 2 | @a世界金榜畅销译林@v30 |
| 330 | @a本书是世界金榜畅销译林丛书之一,由路易斯著,胡志玲译。 | |
| 410 | 0 | @12001 @a世界金榜畅销译林 |
| 606 | 0 | @a长篇小说@y法国@z现代 |
| 690 | @aI565.44@v4 | |
| 701 | 1 | @a路易斯,@Alu yi si,@b比尔@4著 |
| 702 | 0 | @a胡志玲@Ahu zhi ling@4译 |
| 801 | 0 | @aCN@c20081226 |
| 905 | @dI565.44@eB7251 | |
| 神女/(法)比尔·路易斯著/胡志玲译.-呼和浩特:远方出版社,2004 |
| 194页;20cm.-(世界金榜畅销译林;30) |
| ISBN 7-80595-693-6:CNY22.50 |
| 本书是世界金榜畅销译林丛书之一,由路易斯著,胡志玲译。 |
| ● |
| 相关链接 |
|
|
|
正题名:神女
索取号:I565.44/B7251
 
预约/预借
| 序号 | 登录号 | 条形码 | 馆藏地/架位号 | 状态 | 备注 |